The Art of Detachment (Record no. 369897)

MARC details
000 -LEADER
fixed length control field 00490nam a2200169 4500
005 - DATE AND TIME OF LATEST TRANSACTION
control field 20260116163604.0
008 - FIXED-LENGTH DATA ELEMENTS--GENERAL INFORMATION
fixed length control field 260116b |||||||| |||| 00| 0 eng d
020 ## - INTERNATIONAL STANDARD BOOK NUMBER
International Standard Book Number 978-8-89854-013-5
041 ## - LANGUAGE CODE
Language code of text/sound track or separate title English
082 ## - DEWEY DECIMAL CLASSIFICATION NUMBER
Classification number X 823 SIN
Item number B12173
100 ## - MAIN ENTRY--PERSONAL NAME
Author Singh Shubham Kumar
245 ## - TITLE STATEMENT
Title The Art of Detachment
Remainder of title Finding Strength in Presence Calmness and Detachment
260 ## - PUBLICATION, DISTRIBUTION, ETC.
Place of publication, distribution, etc. Chennai,
Name of publisher, distributor, etc. Notion Press
Date of publication, distribution, etc. 2025
300 ## - PHYSICAL DESCRIPTION
Extent 186p.
Other physical details pb
365 ## - TRADE PRICE
Price type code Rupaye
Price amount 269
Currency code INR
942 ## - ADDED ENTRY ELEMENTS (KOHA)
Koha item type Books
Holdings
Withdrawn status Lost status Source of classification or shelving scheme Damaged status Not for loan Collection code Home library Current library Date acquired Vendor Net Price Bill number Total Checkouts Total Renewals Full call number Barcode Date last seen Date last checked out Discount Actual Price Bill Date Koha item type Original Barcode
    Dewey Decimal Classification     Non-fiction Smt. Bakul Tambat Institute of Nursing Education Smt. Bakul Tambat Institute of Nursing Education 30/12/2025 Amazon(online) 171-8166755-5088351 255.55 HYD8-7361464 2 1 X 823 SIN B12173 BTIN-BK-12173 20/03/2026 13/03/2026 13.45 269.00 18/12/2025 Books BTIN-BK-12173